Apicultura : conocimiento de la abeja :

Guardado en:
Autor Principal: Jean-prost, Pierre
Otros Autores: Médori, Paul
Formato: Libro
Publicado: Madrid : Mundi-prensa, 2010
Edición:4a. ed.
Materias:
Etiquetas: Agregar Etiqueta
Sin Etiquetas, Sea el primero en etiquetar este registro!
LEADER 01483nam a22002775a 4500
001 CEM.cems017576
005 20110517100400.0
008 130507s2010##################000#0#####d
003 CEMS
020 |a 9788484762041 
082 0 4 |a 638.1 
100 1 |a Jean-prost, Pierre 
245 1 0 |a Apicultura :  |b conocimiento de la abeja :  |c Pierre Jean-prost y Paul Médori 
250 |a 4a. ed. 
260 |a Madrid :  |b Mundi-prensa,  |c 2010 
300 |a 789 p. 
505 0 |a La colonia de abejas -- Morfología y anatomía de las abejas -- Reina -- Obreras, polinización -- Machos, razas, colonia -- Materias primas -- Material -- Enemigos y enfermedades de los adultos -- Enfermedades del pollo. Defensa sanitaria -- Instalación, vigilancia. Primera visita al final del invierno -- Trabajos de primavera, verano y otoño. Calendario de trabajos. Vigilancia en todas las estaciones -- Trashumancia -- Miel -- Polen, cera, veneno, propóleo, hidromiel, etc. -- Enjambrazón artificial -- Producción intensiva de miel -- Cría de reinas -- Jalea real -- Genética, selección e hibridación -- Economía apícola -- Organización del trabajo en apicultura 
653 |a Apicultura 
653 |a Abeja-anatomía 
653 |a Colmena 
653 |a Trashumancia 
653 |a Miel-producción 
653 |a Economía apícola 
700 1 |a Médori, Paul 
859 |a CEMS  |b BIB. CEMS - Agricultura  |h 638.1  |i J341  |p A1369.11  |t Ej.1 
859 |a CEMS  |b BIB. CEMS - Agricultura  |h 638.1  |i J341  |p A1483.11  |t Ej.2